Model ekonomickej analýzy vybraného súboru ukazovateľov reprodukčného procesu záverečná výskumná správa ŠPEV 903 529 308-04/04.2

Gespeichert in:
Bibliographische Detailangaben
1. Verfasser: Mičulík, Milan
Format: Buch
Sprache:Slowakisch
Veröffentlicht: Bratislava Výskumný ústav ekonomiky poľnohospodárstva a potravinárstva 1982
Tags: Tag hinzufügen
Keine Tags, Fügen Sie das erste Tag hinzu!

MARC

LEADER 00000nam a2200000 4500
001 c136411
005 20210820104221.7
041 0 |a slo 
044 |a SK 
245 1 0 |a Model ekonomickej analýzy vybraného súboru ukazovateľov reprodukčného procesu  |b záverečná výskumná správa ŠPEV 903 529 308-04/04.2  |c Milan Mičulík 
264 1 |a Bratislava  |b Výskumný ústav ekonomiky poľnohospodárstva a potravinárstva  |c 1982 
300 |a 62 s. 
100 1 |a Mičulík, Milan